书目信息 |
| 题名: |
光伏幕墙设计与施工
|
|
| 作者: | 梁方岭 , 赵永红 编著 | |
| 分册: | ||
| 出版信息: | 北京 中国建筑工业出版社 2022.05 |
|
| 页数: | 199页 | |
| 开本: | 26cm | |
| 丛书名: | 城市能源碳中和丛书 | |
| 单 册: | ||
| 中图分类: | TU227 | |
| 科图分类: | ||
| 主题词: | 光电池--guang dian chi--幕墙--建筑设计 , 光电池--guang dian chi--幕墙--建筑施工 | |
| 电子资源: | ||
| ISBN: | 978-7-112-27271-6 | |
| 000 | 01229nam 2200265 450 | |
| 001 | 26352 | |
| 005 | 20220920095938.65 | |
| 010 | @a978-7-112-27271-6@dCNY68.00 | |
| 100 | @a20220616d2022 em y0chiy50 ea | |
| 101 | 0 | @achi |
| 102 | @aCN@b110000 | |
| 105 | @aak z 000yy | |
| 200 | 1 | @a光伏幕墙设计与施工@Aguang fu mu qiang she ji yu shi gong@f梁方岭, 赵永红编著 |
| 210 | @a北京@c中国建筑工业出版社@d2022.05 | |
| 215 | @a199页@c图 (部分彩图)@d26cm | |
| 225 | 2 | @a城市能源碳中和丛书@Acheng shi neng yuan tan zhong he cong shu |
| 330 | @a本书对光伏幕墙如何同建筑有机结合、如何选择合适的光伏组件、如何电气布线以及如何设计节点构造等方面结合项目案例进行了探索和实践。具体内容包括光电幕墙建筑设计、光电幕墙结构体系及构造设计、光电幕墙电气设计、检测、加工制作、安装施工、工程验收、维护保养, 涵盖了光伏幕墙从设计、施工到维护保养全过程, 是一本专门针对光电幕墙设计、施工和维护保养的工程实用性图书。 | |
| 410 | 0 | @12001 @a城市能源碳中和丛书 |
| 606 | 0 | @a光电池@Aguang dian chi@x幕墙@x建筑设计 |
| 606 | 0 | @a光电池@Aguang dian chi@x幕墙@x建筑施工 |
| 690 | @aTU227@v5 | |
| 701 | 0 | @a梁方岭@Aliang fang ling@4编著 |
| 701 | 0 | @a赵永红@Azhao yong hong@4编著 |
| 801 | 0 | @aCN@c20220910 |
| 905 | @a河南城建学院图书馆@dTU227@eL400@f2 | |
| 光伏幕墙设计与施工/梁方岭, 赵永红编著.-北京:中国建筑工业出版社,2022.05 |
| 199页:图 (部分彩图);26cm.-(城市能源碳中和丛书) |
| ISBN 978-7-112-27271-6:CNY68.00 |
| 本书对光伏幕墙如何同建筑有机结合、如何选择合适的光伏组件、如何电气布线以及如何设计节点构造等方面结合项目案例进行了探索和实践。具体内容包括光电幕墙建筑设计、光电幕墙结构体系及构造设计、光电幕墙电气设计、检测、加工制作、安装施工、工程验收、维护保养, 涵盖了光伏幕墙从设计、施工到维护保养全过程, 是一本专门针对光电幕墙设计、施工和维护保养的工程实用性图书。 |
| ● |
| 相关链接 |
|
|
|
正题名:光伏幕墙设计与施工
索取号:TU227/L400
 
预约/预借
| 序号 | 登录号 | 条形码 | 馆藏地/架位号 | 状态 | 备注 |
| 1 | 1577365 | 215773651 | 建筑库101/101建筑库 47排3列2层/ [索取号:TU227/L400] | 在馆 | |
| 2 | 1577366 | 215773660 | 建筑库101/101建筑库 47排3列2层/ [索取号:TU227/L400] | 在馆 |